00539 a2200133 4500003000500000005001700005040000900022082001400031100001900045245008000064260004000144300001400184505020700198Nust20221205101857.0 cNust a150.9,MIS aMisiak ,henryk aHiistory of psychologybAn overview / cHenry Misak, Virginia Studt Sexton aIslamabadbNational Book Foundation ax,499 p.; aRoots of Psychology (Page-1), The Beginning and Growth of Scientific Psychology an Various Countries (Page-77), Theoretical Psychology (Page-315), Bibliography for the History of Psychology (Page-469).